000 00608nam a22002297a 4500
003 UA-OsUOA
001 46475
007 ta
008 20070619b un ||||| |||| 00| 0 ukr d
100 _aАдельгейм Є.Г.
090 _a82.09(477)
_bА29
942 _cBK
040 _aUA-OsUOA
_bukr
_cUA-OsUOA
_dUA-OsUOA
245 _aКрізь роки
_bВибрані праці
300 _a396 с.
955 _a4
041 _aukr
080 _a82.09(477)
260 _aК.
_b"Дніпро"
_c1987
650 7 _a82 Література. Літературознавство
_2UDC
999 _c332569
_d332569